Sociálne inovácie ako nástroj zvyšovania konkurencieschopnosti podniku diplomová práca

Saved in:
Bibliographic Details
Main Author: Matejka, Eduard
Corporate Author: Fakulta podnikového manažmentu EU. Katedra podnikovohospodárska
Other Authors: Majdúchová, Helena, 1963-
Format: Book
Language:Slovak
Published: Bratislava 2017
Tags: Add Tag
No Tags, Be the first to tag this record!

MARC

LEADER 00000nbm a2200000 4500
001 0232412
005 20171030110531.8
041 0 |a slo 
044 |a SK 
245 1 0 |a Sociálne inovácie ako nástroj zvyšovania konkurencieschopnosti podniku  |b diplomová práca  |c Eduard Matejka ; školiteľ: Helena Majdúchová 
264 1 |a Bratislava  |c 2017 
300 |a 86 s. 
100 1 |a Matejka, Eduard 
700 1 |a Majdúchová, Helena, 1963- 
710 2 |a Fakulta podnikového manažmentu EU. Katedra podnikovohospodárska